Jogadores de Futebol Mais Caros do Mundo em 2023 - Statistics

Estatísticas Gerais
  • Esse quiz foi jogado 226 vezes
  • A pontuação média é 31 de 50
Estatísticas das Respostas
Nacionalidade Valor € Clube Jogador % Correto
Noruega 180.00 mi € Manchester City Haaland
98%
França 180.00 mi € PSG Mbappe
98%
Brasil 150.00 mi € Real Madrid Vinicius Junior
96%
Brasil 100.00 mi € Real Madrid Rodrygo
90%
Inglaterra 120.00 mi € Real Madrid Bellingham
86%
Uruguai 100.00 mi € Real Madrid Valverde
83%
Espanha 90.00 mi € Barcelona Gavi
82%
Espanha 100.00 mi € Barcelona Pedri
82%
Portugal 90.00 mi € AC Milan Rafael Leão
80%
Inglaterra 120.00 mi € Arsenal Saka
80%
Inglaterra 110.00 mi € Manchester City Foden
77%
Inglaterra 90.00 mi € Bayern de Munique Harry Kane
77%
Espanha 90.00 mi € Manchester City Rodri
77%
Brasil 75.00 mi € Arsenal Gabriel Jesus
74%
França 85.00 mi € Real Madrid Camavinga
73%
Noruega 90.00 mi € Arsenal Odegaard
72%
Alemanha 110.00 mi € Bayern de Munique Musiala
70%
Brasil 80.00 mi € Arsenal Martinelli
67%
Portugal 80.00 mi € Manchester City Bernardo Silva
66%
Brasil 70.00 mi € Real Madrid Eder Militão
66%
Argentina 85.00 mi € Inter de Milão Lautaro Martinez
66%
Brasil 70.00 mi € Newcastle Bruno Guimarães
65%
Colômbia 75.00 mi € Liverpool Luis Diaz
65%
Holanda 75.00 mi € Barcelona de Jong
64%
Bélgica 70.00 mi € Manchester City De Bruyne
63%
Argentina 80.00 mi € Chelsea Enzo Fernandez
63%
Nigéria 120.00 mi € Napoli Osimhen
63%
Canadá 70.00 mi € Bayern de Munique Davies
61%
Portugal 75.00 mi € Manchester United Bruno Fernandes
60%
Uruguai 70.00 mi € Barcelona Araujo
58%
França 85.00 mi € Real Madrid Tchouameni
58%
Portugal 80.00 mi € Manchester City Ruben Dias
57%
Inglaterra 90.00 mi € Arsenal Rice
56%
Equador 75.00 mi € Chelsea Caicedo
55%
Croácia 75.00 mi € Manchester City Gvardiol
54%
Inglaterra 75.00 mi € Manchester City Grealish
53%
Sérvia 70.00 mi € Juventus Vlahovic
52%
Alemanha 85.00 mi € Bayer Leverkusen Wirtz
52%
Alemanha 75.00 mi € Bayern de Munique Kimmich
48%
Holanda 75.00 mi € Bayern de Munique de Ligt
47%
Argentina 65.00 mi € Liverpool Mac Allister
47%
Suécia 70.00 mi € Newcastle Isak
46%
Inglaterra 80.00 mi € Manchester United Rashford
46%
Itália 75.00 mi € Inter de Milão Barella
44%
Uruguai 65.00 mi € Liverpool Nunez
44%
Portugal 65.00 mi € PSG Nuno Mendes
37%
França 65.00 mi € Arsenal Saliba
36%
França 80.00 mi € PSG Kolo Muani
30%
França 80.00 mi € Chelsea Nkunku
30%
Geórgia 85.00 mi € Napoli Kvaratskhelia
5%
Nenhum quiz correspondente encontrado
Distribuição das Pontuações
Porcentagem de Pessoas com Cada Pontuação
Percentil de Números Respondidos
Sua Pontuação Histórica
Você não jogou esse quiz